Señores de antaño (Record no. 171561)

MARC details
000 -LEADER
campo de control de longitud fija 00719nam a22001695i 4500
001 - NÚMERO DE CONTROL
campo de control 171561
003 - IDENTIFICADOR DE NÚMERO DE CONTROL
campo de control ES-MaACL
005 - FECHA Y HORA DE LA ÚLTIMA TRANSACCIÓN
campo de control 20230906214649.0
008 - DATOS DE LONGITUD FIJA--INFORMACIÓN GENERAL
campo de control de longitud fija 090520s1944 sp |||| | spa d
080 ## - NÚMERO DE LA CLASIFICACIÓN DECIMAL UNIVERSAL
Número de la Clasificación Decimal Universal 92(462.22 B.)
100 1# - ENTRADA PRINCIPAL--NOMBRE DE PERSONA
Nombre de persona Solar y Taboada, Antonio del.
9 (RLIN) 137565
245 10 - MENCIÓN DEL TÍTULO
Título Señores de antaño
Resto del título : notas sobre algunos de los que pasaron por Extremadura /
Mención de responsabilidad, etc. que tomaron Antonio del Solar y Taboada y José de Rújula y de Ochotorena, marqués de Ciadoncha.
260 ## - PUBLICACIÓN, DISTRIBUCIÓN, ETC.
Lugar de publicación, distribución, etc. Badajoz :
Nombre del editor, distribuidor, etc. [s.n.],
Fecha de publicación, distribución, etc. 1944 (
Fabricante Tip. Viuda de Antonio Arqueros)
300 ## - DESCRIPCIÓN FÍSICA
Extensión X, 7-112 p., 16 lám. ;
Dimensiones 27 cm.
700 1# - ENTRADA AGREGADA--NOMBRE PERSONAL
Nombre de persona Rújula y de Ochotorena, José de
Títulos y otros términos asociados al nombre , Marqués de Ciadoncha.
9 (RLIN) 100970
852 ## - LOCALIZACIÓN
Ubicación ES-MaACL
Número de control de estantería 1660-F-16
itemnumber R.22339
Holdings
Estatus retirado Estado de pérdida Estado de daño No para préstamo Colección Biblioteca de origen Biblioteca actual Ubicación en estantería Fecha de adquisición Fuente de adquisición Total de préstamos Signatura topográfica completa Código de barras Visto por última vez Precio de reemplazo Tipo de ítem Koha
        Colección de folletos Biblioteca del Ateneo de Madrid Biblioteca del Ateneo de Madrid Depósito folletos 20/05/2009     1660-F-16 1180040 23/02/2023 23/02/2023 Folleto